Chémia a technológia základných organických a petrochemických syntéz

Guardado en:
Detalles Bibliográficos
Autor principal: Lebedev, Nikolaj Nikolajevič
Otros Autores: Hrušovský, Mikuláš, 1916-2003 (Traductor), Cvengrošová, Zuzana (Traductor), Čihová, Milina, 1932-1997 (Traductor), Gregor, František, 1924-1974 (Traductor), Fančovič, Karol (Traductor), Kalamár, Július (Traductor), Mravec, Dušan, 1943- (Traductor), Mrázová, Margita (Traductor), Ryban, Bernard (Traductor), Vojtko, Ján (Traductor), Polák, Jaroslav (gup)
Formato: Libro
Lenguaje:eslovaco
Publicado: Bratislava Alfa 1979
Edición:1. slov. vyd.
Colección:Edícia chemickej literatúry
Acceso en línea:Ver en el OPAC
Etiquetas: Agregar Etiqueta
Sin Etiquetas, Sea el primero en etiquetar este registro!

MARC

LEADER 00000nam a2200000 a 4500
005 20260127134140.0
008 161006s1979 xo 0 slo
015 |a SNBA1979 
020 |c 51 Kčs. (3000 výtl.) 
035 |a vtls001116553 
035 |a SNK000059396 
039 9 |a 201610061443  |b VLOAD  |c 201610061155  |d VLOAD  |c 201607290955  |d AUTHORITY  |c 201607290943  |d AUTHORITY  |y 200412242307  |z VLOAD 
040 |a SNK  |b slo  |c SNK  |d STUSCHK1  |e AACR2 
041 0 |a slo 
044 |a xo  |c SK 
080 |a 665.6.091(075.8)  |2 1981 
080 |a 547.07(075.8)  |2 1981 
100 1 |a Lebedev, Nikolaj Nikolajevič 
245 0 |a Chémia a technológia základných organických a petrochemických syntéz  |c Nikolaj Nikolajevič Lebedev ; Mikuláš Hrušovský, Zuzana Cvengrošová, Milina Čihová, František Gregor, Karol Fančovič, Július Kalamár, Dušan Mravec, Margita Mrázová, Bernard Ryban, Ján Vojtko, Jaroslav Polák 
250 |a 1. slov. vyd. 
260 |a Bratislava  |b Alfa  |c 1979  |e Bratislava  |f Pravda 
300 |a 736 s., 50,67 AH  |b Sch. Grafy.  |c 25 cm 
490 0 |a Edícia chemickej literatúry 
500 |a Lit. 28. Reg. Brož. 47 Kčs. Schválilo MS SSR ako vysokošk. príručku. Urč. posl. vys. škôl a prac. v priemysle a výsk. ústavoch. 28 zázn. lit. o knihách v jaz. slov. a rus. 
700 1 |a Hrušovský, Mikuláš,  |d 1916-2003  |4 trl  |9 26 
700 1 |a Cvengrošová, Zuzana  |4 trl  |9 509 
700 1 |a Čihová, Milina,  |d 1932-1997  |4 trl  |9 455 
700 1 |a Gregor, František,  |d 1924-1974  |4 trl  |9 451 
700 1 |a Fančovič, Karol  |4 trl 
700 1 |a Kalamár, Július  |4 trl 
700 1 |a Mravec, Dušan,  |d 1943-  |4 trl  |9 356 
700 1 |a Mrázová, Margita  |4 trl 
700 1 |a Ryban, Bernard  |4 trl 
700 1 |a Vojtko, Ján  |4 trl 
700 1 |a Polák, Jaroslav  |4 gup 
910 |a SCHK95 
954 |a syntéza petrochemická  |a syntéza organická  |x chémia a petrochémia  |x monografie 
958 |a NB 
958 |a TL 
958 |a OP 
958 |a UV 
999 |c 5189  |d 5189